Statistics for Countries that Produce the most Airplanes

Click here to take the quiz!

General Stats

  • This quiz has been taken 57 times
  • The average score is 9 of 10

Answer Stats

# of AirplanesCountry% Correct
768United States
100%
72France
98%
64Germany
98%
171Russia
98%
349China
96%
89United Kingdom
94%
114Canada
88%
33Japan
83%
28Italy
73%
34Brazil
71%

Score Distribution

Percentile by Number Answered

Percent of People with Each Score

Your Score History

You have not taken this quiz